Due diligence in the international legal order /

A comprehensive analysis of the content, scope, and function of due diligence across various areas of international law. Looking at current tendancies towards proceduralisation and more proactive risk management, it reveals the promises and limits of due diligence as a concept for enhancing accounta...

Full description

Bibliographic Details
Other Authors: Krieger, Heike (Editor), Peters, Anne, 1964- (Editor), Kreuzer, Leonhard (Editor)
Format: eBook
Language:English
Published: Oxford : Oxford University Press, 2021.
Edition:First edition.
Subjects:
Online Access:Connect to the full text of this electronic book

MARC

Tag First Indicator Second Indicator Subfields
LEADER 00000cam a2200000 i 4500
001 in00005720175
005 20260319183926.1
006 m o d
007 cr |||||||||||
008 201214r20212020enk fob 001 0 eng d
040 |a STBDS  |b eng  |e rda  |e pn  |c STBDS  |d OCLCO  |d OCLCF  |d QGK  |d OCLCA  |d OCLCO  |d OCLCQ  |d OCLCO  |d OCLCL  |d DXU  |d OCLCQ 
019 |a 1237770514 
020 |a 9780191912771  |q (ebook) 
020 |a 0191912778 
035 |a (OCoLC)1237770479  |z (OCoLC)1237770514 
050 4 |a KZ3410 
082 0 4 |a 341.011  |2 23 
049 |a TXAM 
245 0 0 |a Due diligence in the international legal order /  |c edited by Heike Krieger, Anne Peters, and Leonhard Kreuzer. 
250 |a First edition. 
264 1 |a Oxford :  |b Oxford University Press,  |c 2021. 
300 |a 1 online resource (432 pages) 
336 |a text  |b txt  |2 rdacontent 
337 |a computer  |b c  |2 rdamedia 
338 |a online resource  |b cr  |2 rdacarrier 
500 |a This edition previously issued in print: 2020. 
504 |a Includes bibliographical references and index. 
520 8 |a A comprehensive analysis of the content, scope, and function of due diligence across various areas of international law. Looking at current tendancies towards proceduralisation and more proactive risk management, it reveals the promises and limits of due diligence as a concept for enhancing accountability and compliance. 
521 |a Specialized. 
588 |a Description based on online resource; title from home page (viewed on January 12, 2021). 
505 0 0 |t Due diligence in international law : dissecting the leitmotif of current accountability debates / Anne Peters, Heike Krieger and Leonhard Kreuzer --  |g Part I. Due diligence and general international law --  |t The historical roots of the due diligence standard / Giulio Bartolini --  |t Due diligence in the history of the codification of the law of state responsibility / Helmut Philipp Aust and Prisca Feihle --  |t Member states' due diligence obligations to supervise international organizations / Kristina Daugirdas --  |t The function of the triad 'territory', 'jurisdiction' and 'control' in due diligence obligations / Federica Violi --  |t Due diligence and the duty to protect human rights / Björnstjern Baade --  |g Part II: Due diligence in international environmental law --  |t Due diligence in international environmental law: a fine-grained cartography / Jorge E. Viñuales --  |t Due diligence in the use of international watercourses / Malgosia Fitzmaurice --  |t Due diligence in the law of the sea / Irini Papanicolopulu --  |t Due diligence in international climate change law / Lavanya Rajamani --  |g Part III: Due diligence in peace and security law --  |t Due diligence in international humanitarian law / Marco Longobardo --  |t Due diligence and the obligation to prevent genocide and crimes against humanity / Larissa van den Herik and Emma Irving --  |t Due diligence, the UN and peacekeeping / Nigel White --  |t Due diligence in international anti-terrorism law: developments in the resolutions of the UN Security Council / Inger Österdahl --  |t Due diligence in cyber activities / Eric Talbot Jensen --  |g Part IV: Due diligence in international economic law --  |t Due diligence in international investment law : from the law of aliens to responsible investment / Aniruddha Rajput --  |t Due diligence debates in international anti-corruption and money laundering law : from content to the construction of risk / Radha Ivory --  |t Due diligence in international tax law / Reuven S. Avi-Yonah and Gianluca Mazzoni --  |t Due diligence in international trade law / Markus Krajewski --  |t Due diligence in World Bank project financing / Diane Desierto --  |t Conclusion : Due diligence and structural change in the international legal order / Heike Krieger and Anne Peters. 
650 0 |a International law  |x Philosophy. 
650 0 |a Reasonable care (Law) 
650 6 |a Personne raisonnable (Droit) 
650 7 |a International law  |x Philosophy  |2 fast 
650 7 |a Reasonable care (Law)  |2 fast 
655 7 |a Electronic books.  |2 local 
700 1 |a Krieger, Heike,  |e editor. 
700 1 |a Peters, Anne,  |d 1964-  |e editor.  |1 https://id.oclc.org/worldcat/entity/E39PBJwdgGDmXKPc7MCbttB9Dq 
700 1 |a Kreuzer, Leonhard,  |e editor. 
758 |i has work:  |a Due diligence in the international legal order (Text)  |1 https://id.oclc.org/worldcat/entity/E39PCFVmYk6xQFj4mPtD8pvfv3  |4 https://id.oclc.org/worldcat/ontology/hasWork 
776 0 8 |i Print version :  |z 9780198869900 
856 4 0 |u http://proxy.library.tamu.edu/login?url=https://academic.oup.com/book/39708  |z Connect to the full text of this electronic book  |t 0 
936 |a BATCHLOAD 
955 |a Oxford Scholarship Online 
994 |a 92  |b TXA 
999 f f |i 0f61c48e-5e8a-4ac5-9fb2-f5bc505eb9e2  |s 952ae2dc-968f-4eb2-90ad-a7d14301e805  |t 0 
952 f f |a Texas A&M University  |b College Station  |c Electronic Resources  |s www_evans  |d Available Online  |t 0  |e KZ3410   |h Library of Congress classification 
998 f f |a KZ3410   |t 0  |l Available Online